Statystyki dla Państwa niemieckojęzyczne

Kliknij tutaj aby rozwiązać quiz!

Ogólne statystyki

  • Ten quiz został rozwiązany 22 867 razy
  • Średni wynik to 5 z 6

Statystyki odpowiedzi

% rodzimych użytkowników językaPaństwo% Poprawnych
92%Niemcy
99%
93%Austria
93%
65%Szwajcaria
87%
86%Liechtenstein
74%
0,6%Belgia
70%
2%Luksemburg
65%

Rozkład punktacji

Percentyl według liczby udzielonych odpowiedzi

Procent ludzi z każdym wynikiem

Twoja historia wyników

Nie rozwiązałeś tego quizu